[Event "SRB-chT2 West CS"]
[Site "Serbia"]
[Date "2016.10.06"]
[Round "6.5"]
[White "Bojovic, Zoran"]
[Black "Simic, Goran S"]
[Result "1-0"]
[WhiteElo "2083"]
[BlackElo "2079"]
[PlyCount "57"]
[EventDate "2016.09.04"]
[EventType "team-tourn"]
[EventRounds "11"]
[EventCountry "SRB"]
[SourceTitle "EXT 2018"]
[Source "ChessBase"]
[SourceDate "2017.10.13"]
[SourceVersion "1"]
[SourceVersionDate "2017.10.13"]
[SourceQuality "1"]

1. e4 d6 2. d4 Nf6 3. Nc3 g6 4. h3 Bg7 5. Bc4 0-0 6. Nf3 Nxe4 7. Nxe4 d5 8. Bd3 dxe4 9. Bxe4 c6 10. 0-0 Nd7 11. c3 Nf6 12. Bc2 Be6 13. Re1 Bd5 14. Ne5 Nd7 15. Nd3 Rc8 16. Bg5 Nf6 17. Ne5 Re8 18. Qd2 Be6 19. Rad1 Nd7 20. Nf3 Bd5 21. Qd3 Bxf3 22. Qxf3 Nf6 23. Bb3 Qd7 24. Re5 Qd8 25. Rde1 e6 26. Rxe6 fxe6 27. Rxe6 Kh8 28. Bxf6 Bxf6 29. Rxe8+ 1-0

[Event "SRB-chT2 West"]
[Site "Kragujevac"]
[Date "2015.10.09"]
[Round "7.2"]
[White "Bojovic, Zoran"]
[Black "Jovanovic, Stefan"]
[Result "1-0"]
[WhiteElo "2087"]
[BlackElo "1593"]
[PlyCount "66"]
[EventDate "2015.09.04"]
[EventType "team-tourn"]
[EventRounds "11"]
[EventCountry "SRB"]
[SourceTitle "EXT 2022"]
[Source "ChessBase"]
[SourceDate "2021.10.06"]
[SourceVersion "1"]
[SourceVersionDate "2021.10.06"]
[SourceQuality "1"]

1. e4 c6 2. d4 d6 3. Nc3 Qc7 4. h3 e5 5. Nf3 h6 6. Be3 Nf6 7. Qd2 b5 8. Bd3 Be7 9. 0-0 Nbd7 10. Ne2 Nf8 11. Rac1 Be6 12. b3 a5 13. Nh2 d5 14. dxe5 Nxe4 15. Bxe4 dxe4 16. Qd4 Bf5 17. Qb6 Qc8 18. Nd4 Ra6 19. Nxf5 Rxb6 20. Nxg7+ Kd7 21. Bxb6 Ba3 22. Rcd1+ Ke7 23. Bd8+ Qxd8 24. Rxd8 Kxd8 25. Re1 Ke7 26. Rxe4 Nd7 27. Nf3 Nc5 28. Re2 a4 29. Nd4 Kd7 30. Ngf5 Ne6 31. Rd2 Kc7 32. Nxe6+ fxe6 33. Ng7 Rd8 1-0

[Event "SRB-chT2 West"]
[Site "Kragujevac"]
[Date "2015.09.04"]
[Round "1.2"]
[White "Bojovic, Zoran"]
[Black "Andjelic, Stevan"]
[Result "1/2-1/2"]
[WhiteElo "2087"]
[BlackElo "2112"]
[PlyCount "83"]
[EventDate "2015.09.04"]
[EventType "team-tourn"]
[EventRounds "11"]
[EventCountry "SRB"]
[SourceTitle "EXT 2022"]
[Source "ChessBase"]
[SourceDate "2021.10.06"]
[SourceVersion "1"]
[SourceVersionDate "2021.10.06"]
[SourceQuality "1"]

1. e4 Nf6 2. Nc3 d5 3. exd5 Nxd5 4. Bc4 c6 5. Qf3 e6 6. Nge2 Nd7 7. Qg3 N7b6 8. Bb3 Qd6 9. Ne4 Qxg3 10. N2xg3 Be7 11. d4 Nd7 12. c4 N5f6 13. Bf4 Nxe4 14. Nxe4 0-0 15. 0-0 Nf6 16. Nc3 b6 17. d5 Bd7 18. d6 Bd8 19. Bd1 h6 20. b4 Re8 21. Re1 b5 22. c5 a5 23. Bf3 Nd5 24. Nxd5 cxd5 25. a3 Bf6 26. Rab1 axb4 27. axb4 Ra2 28. Be5 Bxe5 29. Rxe5 Rea8 30. Re2 Kf8 31. h3 Bc6 32. Rbb2 Ra1+ 33. Kh2 Ke8 34. Bh5 Kf8 35. Bf3 R8a4 36. Rec2 Ke8 37. Rd2 Kd7 38. Bd1 R4a3 39. Bf3 Rc1 40. Ra2 Ra1 41. Rab2 Ra6 42. Kg3 1/2-1/2

[Event "Bar Sozina op"]
[Site "Bar"]
[Date "2006.03.19"]
[Round "2"]
[White "Rosandic, Martin"]
[Black "Bojovic, Zoran"]
[Result "0-1"]
[WhiteElo "1857"]
[BlackElo "2161"]
[PlyCount "70"]
[EventDate "2006.03.18"]
[EventType "swiss"]
[EventRounds "9"]
[EventCountry "YUG"]
[SourceTitle "CBM 111 Extra"]
[Source "ChessBase"]
[SourceDate "2006.05.09"]
[SourceVersion "1"]
[SourceVersionDate "2006.05.09"]
[SourceQuality "1"]

1. e4 c5 2. Bc4 Nc6 3. c3 Nf6 4. d3 Na5 5. Bb5 a6 6. Ba4 b5 7. Bc2 Bb7 8. Nf3 Qc7 9. 0-0 e6 10. Re1 Rc8 11. Bg5 Be7 12. Nbd2 0-0 13. Rc1 Rfe8 14. a3 d6 15. e5 dxe5 16. Nxe5 Nc6 17. Bxf6 Bxf6 18. Ng4 Bg5 19. Ne3 Bf4 20. g3 Bd6 21. Qh5 g6 22. Qh3 Bf8 23. Ng4 Bg7 24. f4 h5 25. Nf2 Ne7 26. Bd1 Nf5 27. Bf3 Rcd8 28. Bxb7 Qxb7 29. g4 hxg4 30. Nxg4 b4 31. Ne4 Qe7 32. Ng5 Rd5 33. Qh7+ Kf8 34. Ne5 Rxe5 35. Qh4 Nxh4 0-1

[Event "Bar Sozina op"]
[Site "Bar"]
[Date "2006.03.18"]
[Round "1"]
[White "Bojovic, Zoran"]
[Black "Vratonjic, Slobodan"]
[Result "0-1"]
[WhiteElo "2161"]
[BlackElo "2473"]
[PlyCount "92"]
[EventDate "2006.03.18"]
[EventType "swiss"]
[EventRounds "9"]
[EventCountry "YUG"]
[SourceTitle "CBM 111 Extra"]
[Source "ChessBase"]
[SourceDate "2006.05.09"]
[SourceVersion "1"]
[SourceVersionDate "2006.05.09"]
[SourceQuality "1"]

1. e4 c5 2. Nf3 e6 3. d4 cxd4 4. Nxd4 Nc6 5. Nc3 Qc7 6. g3 d6 7. Bg2 Nxd4 8. Qxd4 Ne7 9. 0-0 Nc6 10. Nb5 Qb8 11. Qc3 Bd7 12. Be3 a6 13. Nd4 Ne5 14. Nf3 Ng4 15. Bb6 Qc8 16. Qb3 Be7 17. h3 Nf6 18. e5 Nd5 19. Bd4 Bb5 20. Rfc1 Bc4 21. Qa4+ b5 22. Qa5 dxe5 23. Bc3 f6 24. Be1 Bd8 25. Qd2 Nb6 26. b3 Bd5 27. c4 bxc4 28. bxc4 Bc6 29. Qb4 Qc7 30. Rab1 Nd7 31. Qa3 a5 32. Bf1 Be7 33. c5 Bd5 34. Bb5 0-0 35. Nd2 Rfc8 36. Nb3 a4 37. Bxa4 Bc6 38. Na5 Rxa5 39. Bxa5 Qxa5 40. Qb3 Qxa4 41. Qxe6+ Kf8 42. Rc4 Qxa2 43. Rd1 Qe2 44. Rcd4 Qf3 45. Rd5 Bxd5 46. Rxd5 Bxc5 0-1